000 00508nam a2200169Ia 4500
003 GCL
008 140319s9999 xx 000 0 ara d
040 _aGCL /
_cGCL
082 0 4 _a219.1
_bع م
100 1 _aعكاشة عبدالمنان الطيبى
245 1 0 _aمحجبات: لماذا? /
_cعكاشة عبدالمنان الطيبى
260 _a[S.N] :
_bمكتبة التراث الاسلامى ،
_c1990
300 _a110 ص
490 _a
650 0 4 _aحجاب المراة
942 _2ddc
_cBK
999 _c54302
_d54302